[Event "SVK-ch U14"]
[Site "Tatralandia"]
[Date "2025.05.17"]
[Round "8"]
[White "Tverdak, Damian"]
[Black "Pauko, Sebastian"]
[Result "0-1"]
[WhiteElo "1563"]
[BlackElo "1737"]
[PlyCount "126"]
[EventDate "2025.05.11"]
[EventType "swiss"]
[EventRounds "9"]
[EventCountry "SVK"]
[SourceTitle "CB21_2025"]
[SourceDate "2025.05.21"]
[SourceVersion "1"]
[SourceVersionDate "2025.05.21"]
[SourceQuality "1"]

1. e4 e5 2. Nf3 Nc6 3. Nc3 Nf6 4. d4 exd4 5. Nxd4 Nxd4 6. Qxd4 d6 7. Bc4 Be7 8. Be3 Be6 9. f3 Qd7 10. 0-0-0 Bxc4 11. Qxc4 Qc6 12. Qxc6+ bxc6 13. Rd4 0-0 14. Rc4 c5 15. Rd1 Rfe8 16. Ra4 a6 17. Ra5 Nd7 18. Bf4 Bd8 19. Ra3 Nb6 20. Nb1 Bf6 21. Rad3 Nc4 22. c3 Rab8 23. b3 Ne5 24. R3d2 Ng6 25. Be3 Rb7 26. c4 Ne5 27. Rc2 Nc6 28. Rf2 Nb4 29. Na3 h6 30. Kb1 Nc6 31. Nc2 Nb4 32. Rfd2 Nxc2 33. Kxc2 a5 34. Rd3 a4 35. h3 axb3+ 36. Rxb3 Rxb3 37. axb3 Ra8 38. Rd2 Ra2+ 39. Kc1 Ra1+ 40. Kc2 Kf8 41. Kd3 Rb1 42. Rc2 Rxb3+ 43. Ke2 Ke8 44. Bd2 Rb2 45. Rxb2 Bxb2 46. Kd3 Kd7 47. Be3 Ba3 48. Bd2 Bb4 49. Be3 c6 50. f4 g6 51. f5 h5 52. Bg5 Ba5 53. g4 hxg4 54. hxg4 Bd8 55. Bf4 gxf5 56. gxf5 Bf6 57. Bg3 Be5 58. Bxe5 dxe5 59. Kc3 Ke7 60. Kb3 Kf6 61. Kc3 Kg5 62. Kd3 f6 63. Ke3 Kg4 0-1

[Event "SVK-ch U14"]
[Site "Tatralandia"]
[Date "2025.05.16"]
[Round "7"]
[White "Pauko, Sebastian"]
[Black "Kostov, Rubin"]
[Result "1/2-1/2"]
[WhiteElo "1737"]
[BlackElo "1579"]
[PlyCount "80"]
[EventDate "2025.05.11"]
[EventType "swiss"]
[EventRounds "9"]
[EventCountry "SVK"]
[SourceTitle "CB21_2025"]
[SourceDate "2025.05.21"]
[SourceVersion "1"]
[SourceVersionDate "2025.05.21"]
[SourceQuality "1"]

1. e4 d5 2. exd5 Qxd5 3. Nc3 Qa5 4. d4 Nf6 5. Bc4 Bf5 6. Nf3 e6 7. a3 c6 8. Bd2 Be7 9. Nd5 Qd8 10. Nxe7 Qxe7 11. Bg5 h6 12. Bh4 Nbd7 13. Qe2 0-0-0 14. 0-0-0 g5 15. Bg3 Ne4 16. Ne5 Nxg3 17. hxg3 Nxe5 18. dxe5 Rxd1+ 19. Rxd1 Rd8 20. Rxd8+ Qxd8 21. Qd2 Qc7 22. Qd4 Qa5 23. c3 a6 24. Qd6 Bg6 25. Bxe6+ fxe6 26. Qxe6+ Kb8 27. Qxg6 Qxe5 28. Qf7 Qe1+ 29. Kc2 Qe4+ 30. Kb3 Qxg2 31. Qf8+ Ka7 32. Qxh6 Qd5+ 33. Kc2 Qe4+ 34. Kd2 Qd5+ 35. Ke3 Qe5+ 36. Kf3 Qf5+ 37. Kg2 Qd5+ 38. Kh2 Qf5 39. Kg2 Qd5+ 40. Kg1 Qf5 1/2-1/2

[Event "SVK-ch U14"]
[Site "Tatralandia"]
[Date "2025.05.13"]
[Round "4"]
[White "Havir, Adam"]
[Black "Pauko, Sebastian"]
[Result "0-1"]
[WhiteElo "1633"]
[BlackElo "1737"]
[PlyCount "118"]
[EventDate "2025.05.11"]
[EventType "swiss"]
[EventRounds "9"]
[EventCountry "SVK"]
[SourceTitle "CB21_2025"]
[SourceDate "2025.05.21"]
[SourceVersion "1"]
[SourceVersionDate "2025.05.21"]
[SourceQuality "1"]

1. e4 e5 2. Nf3 Nc6 3. Bc4 Bc5 4. 0-0 d6 5. d3 Bg4 6. Bxf7+ Kxf7 7. Ng5+ Qxg5 8. Bxg5 Bxd1 9. Rxd1 h6 10. Bd2 Nd4 11. Na3 Bxa3 12. bxa3 c6 13. Rab1 b5 14. c3 Ne6 15. Rdc1 Ne7 16. c4 Nd4 17. Kf1 a6 18. c5 dxc5 19. Rxc5 Ng6 20. Bc3 Rac8 21. Bxd4 exd4 22. Rb4 Rhd8 23. a4 Ke6 24. axb5 cxb5 25. Rxc8 Rxc8 26. Rxd4 Rc1+ 27. Ke2 Rc2+ 28. Ke3 Rxa2 29. f4 Ne7 30. f5+ Kf7 31. Rd7 Rxg2 32. Ra7 Ra2 33. d4 Ke8 34. d5 b4 35. Kd3 b3 36. Rb7 Rxh2 37. d6 Nxf5 38. d7+ Ke7 39. e5 g5 40. e6 Ng7 41. d8Q+ Kxd8 42. Rxg7 b2 43. Rb7 Rh1 44. Rxb2 Re1 45. Rb6 Ke7 46. Rxa6 Rxe6 47. Ra5 Kf6 48. Kd4 Kg6 49. Kd5 Re1 50. Ra4 Kh5 51. Kd4 Kh4 52. Kd3+ g4 53. Ra6 h5 54. Ra4 Kh3 55. Ra3 g3 56. Rb3 h4 57. Kd2 Re8 58. Kd1 Kh2 59. Rb2+ g2 0-1

[Event "SVK-ch U14"]
[Site "Tatralandia"]
[Date "2025.05.11"]
[Round "1"]
[White "Pauko, Sebastian"]
[Black "Viglasky, Viliam"]
[Result "1-0"]
[WhiteElo "1737"]
[BlackElo "1480"]
[PlyCount "67"]
[EventDate "2025.05.11"]
[EventType "swiss"]
[EventRounds "9"]
[EventCountry "SVK"]
[SourceTitle "CB21_2025"]
[SourceDate "2025.05.21"]
[SourceVersion "1"]
[SourceVersionDate "2025.05.21"]
[SourceQuality "1"]

1. e4 e5 2. Nf3 Nc6 3. Bc4 Nf6 4. d3 Bc5 5. Bg5 d5 6. exd5 Na5 7. Bb5+ c6 8. dxc6 bxc6 9. Ba4 Bg4 10. 0-0 0-0 11. h3 Bxf3 12. Qxf3 Qd6 13. Bxf6 Qd4 14. Qg3 g6 15. Qg5 Qf4 16. Qxe5 Qxe5 17. Bxe5 f6 18. Bg3 Rae8 19. c3 f5 20. b4 f4 21. Bh2 h5 22. bxc5 g5 23. Bb3+ Kh8 24. Nd2 g4 25. hxg4 hxg4 26. Rfe1 g3 27. fxg3 f3 28. gxf3 Rd8 29. d4 Nb7 30. Re7 Rb8 31. Rae1 a5 32. g4 Ra8 33. Be5+ Rf6 34. Bxf6# 1-0

[Event "SVK-chT U16 rapid"]
[Site "Poprad"]
[Date "2025.05.04"]
[Round "4.27"]
[White "Pauko, Sebastian"]
[Black "Cabakova, Adela"]
[Result "0-1"]
[WhiteElo "1614"]
[BlackElo "1660"]
[PlyCount "180"]
[EventDate "2025.05.04"]
[EventType "team-swiss (rapid)"]
[EventRounds "7"]
[EventCountry "SVK"]
[SourceTitle "CB19_2025"]
[SourceDate "2025.05.07"]
[SourceVersion "1"]
[SourceVersionDate "2025.05.07"]
[SourceQuality "1"]

1. c4 d5 2. d4 Nf6 3. Nf3 Bf5 4. Nc3 e6 5. Bg5 h6 6. Bh4 Bb4 7. a3 Bxc3+ 8. bxc3 c6 9. e3 Nbd7 10. Bd3 Bg4 11. h3 Bh5 12. g4 Bg6 13. Bxg6 fxg6 14. Ne5 g5 15. Nxd7 Qxd7 16. Bg3 dxc4 17. Qc2 0-0 18. e4 b5 19. 0-0 Qe7 20. Rfb1 Nd7 21. Bc7 Nc5 22. Ba5 Nd3 23. Bb4 Nxb4 24. axb4 Qf6 25. Qe2 Qf3 26. Qxf3 Rxf3 27. Rc1 Rxh3 28. Kg2 Rd3 29. Ra6 Rf8 30. Rxa7 Rf4 31. Ra6 Rxg4+ 32. Kf1 Rxe4 33. Rxc6 e5 34. dxe5 Rxe5 35. Rc5 Rdd5 36. Rxd5 Rxd5 37. Re1 Kf7 38. Re3 Kf6 39. Ke2 h5 40. Re8 g4 41. Rc8 Kf5 42. Rc7 g5 43. Rc8 h4 44. Rf8+ Kg6 45. Ra8 h3 46. Ra1 Rd3 47. Ra6+ Kf5 48. Ra8 Rxc3 49. Rf8+ Kg6 50. Rh8 Rb3 51. Kf1 Rxb4 52. Kg1 c3 53. Rc8 Rb1+ 54. Kh2 b4 55. Rc6+ Kh5 56. Rc8 Rb2 57. Kg3 h2 58. Rh8+ Kg6 59. Kxh2 Rxf2+ 60. Kg3 Rd2 61. Rh1 c2 62. Rc1 b3 63. Ra1 c1Q 64. Rxc1 Rd3+ 65. Kxg4 Rd4+ 66. Kg3 b2 67. Rb1 Rb4 68. Kf3 Kf5 69. Kg3 Rb3+ 70. Kf2 Kf4 71. Kg2 Ke3 72. Kg3 Kd2+ 73. Kg4 Kc2 74. Rh1 b1Q 75. Rxb1 Rxb1 76. Kxg5 Rb4 77. Kf5 Kd3 78. Ke5 Ra4 79. Kf5 Re4 80. Kg5 Kd4 81. Kf6 Kd5 82. Kf5 Re1 83. Kf4 Re8 84. Kf3 Kd4 85. Kf2 Kd3 86. Kf1 Re2 87. Kg1 Ke3 88. Kh1 Kf3 89. Kg1 Rc2 90. Kh1 Kg3 0-1